000 00602nam a2200181Ia 4500
008 090124s9999 xx 000 0 und d
082 _b35251
100 _aवाळिंम्बे सुरेश
245 _a हॉलिडे इन गोवा
250 _a0
260 _bयोगिता प्रकाशन
_c1998
300 _a151
600 _aवाळिंम्बे सुरेश
630 _a हॉलिडे इन गोवा
700 _aवाळिंम्बे सुरेश
730 _a हॉलिडे इन गोवा
942 _cBOOK
999 _c101268
_d101268